KOHA-Header-6

Quaid-e-Azam Ka Tasawur Taleem aur Pakistan (Record no. 9775)

000 -LEADER
fixed length control field 00279nam a2200109Ia 4500
100 ## - MAIN ENTRY--AUTHOR NAME
Personal name Safdar Ali Najmi
245 #0 - TITLE STATEMENT
Title Quaid-e-Azam Ka Tasawur Taleem aur Pakistan
260 ## - PUBLICATION, DISTRIBUTION, ETC. (IMPRINT)
Place of publication Karachi
Name of publisher Muzaffar
Year of publication 2000
300 ## - PHYSICAL DESCRIPTION
Number of Pages 528
942 ## - ADDED ENTRY ELEMENTS (KOHA)
Koha item type Books
Holdings
Withdrawn status Lost status Collection code Permanent Location Current Location Shelving location Date acquired Full call number Accession Number Koha item type
    Jinnah Corner MAJU MAJU   2020-12-05 505.75 5723 Jinnah Corner

Powered by Koha